| 000 | 00486nam a2200145 a 4500 | ||
|---|---|---|---|
| 001 | 000028703 | ||
| 005 | 20200930055104.0 | ||
| 008 | 110411s1981 dr 000 0 spa d | ||
| 040 |
_aDO-SdBNP _bspa _cBNPHU |
||
| 245 | 0 | 0 |
_aReglas oficiales : _bmini basket /. |
| 260 |
_aBarahona, República Dominicana : _bFederación Dominicana de Baloncesto, _c1981. |
||
| 300 |
_a63 p. : _bil. ; _c21 cm. |
||
| 710 | 2 |
_aSecretaría de Estado de Deportes, Educación y Recreación _955693 |
|
| 049 | _aBNPD | ||
| 999 |
_c28195 _d28195 |
||